Score 0/12 Timer 02:00
8 Plays Today
% Correct
Jay Z
98.2%
Eminem
98.2%
Ant-man
94.8%
Captain America
94.8%
Black Panther
94.2%
Jesus Christ Superstar
92.9%
Sunset Boulevard
85.2%
The Marvelous Mrs Maisel
80.1%
School of Rock
79.2%
Lauryn Hill
72.9%
The Kominsky Method
72.5%
Fleabag
69.4%
Remove Ads.
Support Sporcle.
Get the best of Sporcle when you Go Orange. This ad-free experience offers more features, more stats, and more fun while also helping to support Sporcle. Thank you for becoming a member.

You're not logged in!

Compare scores with friends on all Sporcle quizzes.
OR
Log In

Sporcle TV

Today on Sporcle TV


Watch our educational content, quiz creation guides, and fun videos on Sporcle TV.

Show Comments

Extras

Top Quizzes Today


Score Distribution

Paid Content

Your Account Isn't Verified!

In order to create a playlist on Sporcle, you need to verify the email address you used during registration. Go to your Sporcle Settings to finish the process.

Report this User

Report this user for behavior that violates our Community Guidelines.

Details: